Essai sur les relations entre Egyptiens et Prehellenes /

محفوظ في:

المؤلف الرئيسي: Vercoutter, Jean, 1911- (مؤلف)

التنسيق: كتاب

اللغة: English

منشور في: Paris : A. Maisonneuve, [1954].

سلاسل: Orient ancien illustré ; 6.

الموضوعات:

الوسوم: إضافة وسم

لا توجد وسوم, كن أول من يضع وسما على هذه التسجيلة!

رقم الطلب: DT169 .V5

LEADER 00916nam a22002777a 4500
003 OSt
005 20260420160214.0
008 260420t1954 fr ab b 000 0 eng d
010 |a 55003361 
040 |c ARCE Library 
043 |a f-ua---  |a e-gr--- 
050 1 4 |a DT169  |b .V5 
100 1 |a Vercoutter, Jean,   |d 1911-   |e author 
245 1 0 |a Essai sur les relations entre Egyptiens et Prehellenes /   |c Jean Vercoutter. 
264 1 |a Paris :   |b A. Maisonneuve,   |c [1954]. 
300 |a 183 pages :   |b illustrations, maps ;   |c 19 cm. 
490 1 |a Orient ancien illustré ;   |v 6. 
504 |a Bibliography : pages [179]-183. 
650 0 |a Civilization, Mycenaean  |x Egyptian influences. 
651 0 |a Crete (Greece)  |x Antiquities. 
651 0 |a Egypt  |x Antiquities. 
651 0 |a Egypt  |x Civilization  |x Mycenaean influences. 
830 0 |a Orient ancien illustré ;   |v 6. 
901 |a reviewed 
942 |c BK  |2 lcc 
999 |c 23103  |d 23103